000 00395nam a2200133Ia 4500
008 220217s9999 xx 000 0 und d
245 0 _aSpecification for hospital rubber sheetings. (First Revision)
260 _aNew Delhi
260 _c1974
_bISI
490 _aMedical Rubber Goods Sumcommittee, CDC 6:7
500 _aStandard number: IS 4135
650 _aRubber goods, Medical
942 _cST
999 _c73763
_d73763